=LDR 00000nam 2200000 4500 =001 INLIS000000000809855 =008 ###################################ind## =035 ##$$a 0010-0825000348 =245 ##$$a Kecakapan Hidup / $c Bbed =260 ##$$b Sic =020 ##$$a 9793233494 =084 ##$$a 155.2 BED k =520 ##$$a Psikologi individu =082 ##$$a 155.2